Econometría / (Registro nro. 4775)

Detalles MARC
000 -LEADER
fixed length control field 00988nam a2200277Ia 4500
003 - CONTROL NUMBER IDENTIFIER
control field OSt
005 - DATE AND TIME OF LATEST TRANSACTION
control field 20200608130743.0
008 - FIXED-LENGTH DATA ELEMENTS--GENERAL INFORMATION
fixed length control field 191128s2014 sp fr 000 0 spa d
020 ## - INTERNATIONAL STANDARD BOOK NUMBER
International Standard Book Number 9788436828511
040 ## - CATALOGING SOURCE
Original cataloging agency CO-JMCR
Transcribing agency CO-JMCR
041 0# - LANGUAGE CODE
Language code of text/sound track or separate title spa
082 04 - DEWEY DECIMAL CLASSIFICATION NUMBER
Classification number 330.0151 /
Item number D319e
Edition number 23
100 1# - MAIN ENTRY--PERSONAL NAME
Personal name Díaz Fernández, Montserrat,
Relator term autor
9 (RLIN) 5191
245 #0 - TITLE STATEMENT
Title Econometría /
Statement of responsibility, etc. Montserrat Díaz Fernández, María del Mar Llorente Marrón
250 ## - EDITION STATEMENT
Edition statement 4a. edición
260 ## - PUBLICATION, DISTRIBUTION, ETC.
Place of publication, distribution, etc. Madrid :
Name of publisher, distributor, etc. Pirámide,
Date of publication, distribution, etc. 2014
300 ## - PHYSICAL DESCRIPTION
Extent 461 páginas ;
Dimensions 24 cm.
490 0# - SERIES STATEMENT
Series statement Economía y empresa
504 ## - BIBLIOGRAPHY, ETC. NOTE
Bibliography, etc. note Bilbiografía: página 461
505 0# - FORMATTED CONTENTS NOTE
Formatted contents note El modelo de regresión -- Vulneración de las hipótesis básicas -- Introducción a los modelos de ecuaciones simultáneas
650 14 - SUBJECT ADDED ENTRY--TOPICAL TERM
Topical term or geographic name entry element Microeconomía
9 (RLIN) 5192
650 14 - SUBJECT ADDED ENTRY--TOPICAL TERM
Topical term or geographic name entry element Demanda
General subdivision teoría económica
9 (RLIN) 5193
650 14 - SUBJECT ADDED ENTRY--TOPICAL TERM
Topical term or geographic name entry element Economía
General subdivision oferta y demanda
9 (RLIN) 5194
700 1# - ADDED ENTRY--PERSONAL NAME
Personal name Llorente Marrón, María del Mar,
Relator term autor
9 (RLIN) 5195
942 ## - ADDED ENTRY ELEMENTS (KOHA)
Source of classification or shelving scheme Dewey Decimal Classification
Koha item type Books
Existencias
Withdrawn status Lost status Source of classification or shelving scheme Damaged status Not for loan Collection code Home library Current library Date acquired Source of acquisition Cost, normal purchase price Total Checkouts Total Renewals Full call number Barcode Date last seen Date last checked out Copy number Koha item type
    Dewey Decimal Classification     Non-fiction Biblioteca Pública José María del Castillo y Rada Biblioteca Pública José María del Castillo y Rada 04/15/2018 Donación 0.00 2 1 330.0151 / D319e 430000354 10/21/2024 10/15/2024 Ej.1 Books